000 00717cam a2200241 a 4500
001 000008311
005 20200929161327.0
008 850726s1965 ag 000 f spa
010 _a67070538
025 _aLACAP
035 _a(DLC) 67070538
035 _a(OCoLC)12311252
040 _aDO-SdBNP
_cNBuU
_dDLC
042 _apremarc
082 _aA863.44
_bP381v
100 1 _aPelayo, Felix M.
_d1902-1992
_922466
245 1 3 _aEl viento en las colinas; :
_bnovela /
_c[por] Felix M. Pelayo.
260 _aBuenos Aires, :
_bLibreria Huemul,
_c[1965].
300 _a242 p. ;
_c18 cm.
650 4 _aNovela argentina
_93941
650 4 _aLiteratura argentina
_ySIGLO XX
_914711
910 _aCatalogación por copia / LC
999 _c8082
_d8082